00846nac a22002177a 4500001001000000003000900010005001700019008003400036040005400070072001300124110009300137245011000230260009200340300001000432490010500442650001800547650001100565650001600576650002400592650001200616BR7311089BR-BrBNA20240105113629.0230509b bl.|||m| |||| 00| 0 por d aBR-BrBNAbporcBiblioteca Nacional de Agricultura aL30; L001 aPlano de Melhoramento da Alimentacao e do Manejo do Gado Leiteiro, Brasilia, DF (Brasil)1 aRelatorio 1. semestre de 1973 [Plano de Melhoramento da Alimentacao e do Manejo do Gado Leiteiro; Brasil]3 aBrasilia, DF (Brasil): bAssociacao Brasileira de Credito e Assistencia Rural, c1973.  a18 p. aRelatorio Semestral - Plano de Melhoramento da Alimentacao e do Manejo do Gado Leiteiro (Brazil)vx aGADO LEITEIRO aMANEJO aALIMENTACAO aASSISTENCIA TECNICA aCREDITO